[Event "SVK-ch U16"]
[Site "Stara Lubovna"]
[Date "2021.07.02"]
[Round "8"]
[White "Ernst, Peter"]
[Black "Halcin, Adrian"]
[Result "1-0"]
[WhiteElo "1000"]
[BlackElo "1000"]
[PlyCount "57"]
[EventDate "2021.06.26"]
[EventType "swiss"]
[EventRounds "9"]
[EventCountry "SVK"]
[SourceTitle "CBM 203 Extra"]
[Source "ChessBase"]
[SourceDate "2021.09.30"]
[SourceVersion "1"]
[SourceVersionDate "2021.09.30"]
[SourceQuality "1"]

1. e4 e5 2. Nf3 Nc6 3. Bb5 d6 4. Bxc6+ bxc6 5. 0-0 Nf6 6. Nc3 Bg4 7. h3 Bh5 8. d3 d5 9. g4 Bg6 10. Nxe5 Qd6 11. Bf4 Qe6 12. Nxg6 hxg6 13. Bxc7 Bd6 14. exd5 Qd7 15. Bxd6 Qxd6 16. Re1+ Kf8 17. dxc6 Qxc6 18. Ne4 Rxh3 19. Kg2 Rh4 20. f3 Qc7 21. Rh1 Rxh1 22. Qxh1 Re8 23. Nxf6 gxf6 24. Qh8+ Ke7 25. Re1+ Kd6 26. Qxe8 Qxc2+ 27. Qe2 Qa4 28. Qe7+ Kc6 29. Qe8+ 1-0